Field-effect transistors (Record no. 23498)

000 -LEADER
fixed length control field 00539nam a22002057a 4500
001 - CONTROL NUMBER
control field 23498
003 - CONTROL NUMBER IDENTIFIER
control field BD-DhUET
008 - FIXED-LENGTH DATA ELEMENTS--GENERAL INFORMATION
fixed length control field 150504b xxu||||| |||| 00| 0 eng d
040 ## - CATALOGING SOURCE
Transcribing agency DLC
Modifying agency BD-DhUET
082 ## - DEWEY DECIMAL CLASSIFICATION NUMBER
Classification number 623.8151
Item number SEV/1965
100 ## - MAIN ENTRY--PERSONAL NAME
Personal name Sevin, Leonce J.
245 ## - TITLE STATEMENT
Title Field-effect transistors
250 ## - EDITION STATEMENT
Edition statement 1st ed.
260 ## - PUBLICATION, DISTRIBUTION, ETC. (IMPRINT)
Place of publication, distribution, etc. New York
Name of publisher, distributor, etc. McGraw-Hill
Date of publication, distribution, etc. 1965
300 ## - PHYSICAL DESCRIPTION
Extent viii, 130p.
490 ## - SERIES STATEMENT
Series statement Texas instruments electronics series
504 ## - BIBLIOGRAPHY, ETC. NOTE
Bibliography, etc Includes bibliographies
650 #0 - SUBJECT ADDED ENTRY--TOPICAL TERM
Topical term or geographic name as entry element Transistors : Electronics
942 ## - ADDED ENTRY ELEMENTS (KOHA)
Koha item type General Book
Holdings
Source of classification or shelving scheme Sublocation or collection (holding branch) Location (home branch) Price effective from Piece designation (barcode) Shelving location Koha full call number Damaged status Copy number Koha item type Withdrawn status Koha date last seen Date acquired Koha normalized classification for sorting Not for loan Lost status
 Central Library, BUETCentral Library, BUET2015-05-049961Circulation section623.8151/SEV/1965 1General Book 2015-05-042015-05-04623_815100000000000_SEV_1965  
 Central Library, BUETCentral Library, BUET2015-05-049962Circulation section623.8151/SEV/1965 2General Book 2015-05-042015-05-04623_815100000000000_SEV_1965  
 Central Library, BUETCentral Library, BUET2015-05-0444418Circulation section623.8151/SEV/1965 3General Book 2015-05-042015-05-04623_815100000000000_SEV_1965  
 Central Library, BUETCentral Library, BUET2015-05-0444419Circulation section623.8151/SEV/1965 4General Book 2015-05-042015-05-04623_815100000000000_SEV_1965  
 Central Library, BUETCentral Library, BUET2015-05-059960Circulation section623.8151/SEV/1965 5General Book 2015-05-052015-05-05623_815100000000000_SEV_1965